| 000 | 00430pab a2200157 454500 | ||
|---|---|---|---|
| 008 | 180718b2014 xxu||||| |||| 00| 0 eng d | ||
| 100 | _aBanerjee, Sumanta | ||
| 245 | _aHanoi (1965-68), Gaza (2014): Continuity and divergence over half a century | ||
| 260 | _c2014 | ||
| 300 | _ap.16-21. | ||
| 362 | _a6 Sep | ||
| 650 | _aInternational relations | ||
| 773 | _aEconomic and Political Weekly | ||
| 908 | _aN | ||
| 909 | _a105712 | ||
| 999 |
_c105707 _d105707 |
||